<?xml version="1.0" encoding="UTF-8"?><?xml-stylesheet type="text/xsl" href="static/style.xsl"?><OAI-PMH xmlns="http://www.openarchives.org/OAI/2.0/" xmlns:xsi="http://www.w3.org/2001/XMLSchema-instance" xsi:schemaLocation="http://www.openarchives.org/OAI/2.0/ http://www.openarchives.org/OAI/2.0/OAI-PMH.xsd"><responseDate>2026-06-02T14:42:49Z</responseDate><request verb="GetRecord" identifier="oai:riuma.uma.es:10630/30224" metadataPrefix="marc">https://riuma.uma.es/rest/oai/request</request><GetRecord><record><header><identifier>oai:riuma.uma.es:10630/30224</identifier><datestamp>2026-02-03T10:52:00Z</datestamp><setSpec>com_10630_2254</setSpec><setSpec>col_10630_37953</setSpec></header><metadata><record xmlns="http://www.loc.gov/MARC21/slim" xmlns:dcterms="http://purl.org/dc/terms/" xmlns:doc="http://www.lyncode.com/xoai" xmlns:xsi="http://www.w3.org/2001/XMLSchema-instance" xsi:schemaLocation="http://www.loc.gov/MARC21/slim http://www.loc.gov/standards/marcxml/schema/MARC21slim.xsd">
   <leader>00925njm 22002777a 4500</leader>
   <datafield ind2=" " ind1=" " tag="042">
      <subfield code="a">dc</subfield>
   </datafield>
   <datafield ind2=" " ind1=" " tag="720">
      <subfield code="a">Ramos-Jiménez, Gonzalo Pascual</subfield>
      <subfield code="e">author</subfield>
   </datafield>
   <datafield ind2=" " ind1=" " tag="720">
      <subfield code="a">Ballesteros-Gómez, Joaquín</subfield>
      <subfield code="e">author</subfield>
   </datafield>
   <datafield ind2=" " ind1=" " tag="720">
      <subfield code="a">Urdiales-García, Amalia Cristina</subfield>
      <subfield code="e">author</subfield>
   </datafield>
   <datafield ind2=" " ind1=" " tag="720">
      <subfield code="a">Martínez Velasco, Antonio B.</subfield>
      <subfield code="e">author</subfield>
   </datafield>
   <datafield ind2=" " ind1=" " tag="260">
      <subfield code="c">2017-05-23</subfield>
   </datafield>
   <datafield ind2=" " ind1=" " tag="520">
      <subfield code="a">—Shared control is a strategy used in assistive plat forms to combine human and robot orders to achieve a goal. Col laborative control is a specific shared control approach, in which&#xd;
user’s and robot’s commands are merged into an emergent one&#xd;
in a continuous way. Robot commands tend to improve efficiency&#xd;
and safety. However, sometimes, assistance can be rejected by users&#xd;
when their commands are too altered. This provokes frustration&#xd;
and stress and, usually, decreases emergent efficiency. To improve&#xd;
acceptance, robot navigation algorithms can be adapted to mimic&#xd;
human behavior when possible. We propose a novel variation of&#xd;
the well-known dynamic window approach (DWA) that we call&#xd;
biomimetical DWA (BDWA). The BDWA relies on a reward func tion extracted from real traces from volunteers presenting different&#xd;
motor disabilities navigating in a hospital environment using a rol lator for support. We have compared the BDWA with other reactive&#xd;
algorithms in terms of similarity to paths completed by people with&#xd;
disabilities using a robotic rollator in a rehabilitation hospital unit.&#xd;
The BDWA outperforms all tested algorithms in terms of likeness&#xd;
to human paths and success rate.</subfield>
   </datafield>
   <datafield ind1="8" ind2=" " tag="024">
      <subfield code="a">Ballesteros, J., Urdiales, C., Velasco, A. B. M., &amp; Ramos-Jimenez, G. (2017). A Biomimetical Dynamic Window Approach to Navigation for Collaborative Control. IEEE Transactions on Human-Machine Systems, 47(6), 1123–1133.</subfield>
   </datafield>
   <datafield ind1="8" ind2=" " tag="024">
      <subfield code="a">https://hdl.handle.net/10630/30224</subfield>
   </datafield>
   <datafield ind1="8" ind2=" " tag="024">
      <subfield code="a">10.1109/THMS.2017.2700633</subfield>
   </datafield>
   <datafield tag="653" ind2=" " ind1=" ">
      <subfield code="a">Robótica</subfield>
   </datafield>
   <datafield ind2="0" ind1="0" tag="245">
      <subfield code="a">A Biomimetical Dynamic Window Approach to Navigation for Collaborative Control.</subfield>
   </datafield>
</record>
</metadata></record></GetRecord></OAI-PMH>